书目信息 |
| 题名: |
建筑的故事
|
|
| 作者: | 张爱玲 , 黎娜 , 王冰 编著 | |
| 分册: | ||
| 出版信息: | 北京 光明日报出版社 2005.01 |
|
| 页数: | 189页 | |
| 开本: | 23cm | |
| 丛书名: | 图文人文故事系列 | |
| 单 册: | ||
| 中图分类: | TU-091 | |
| 科图分类: | 86.04 | |
| 主题词: | 建筑史--jian zhu shi--世界--通俗读物 | |
| 电子资源: | ||
| ISBN: | 7-80145-941-5 | |
| 000 | 00970nam 2200289 450 | |
| 001 | CAL 012005090671 | |
| 005 | 20060529103855.01 | |
| 010 | @a7-80145-941-5@dCNY 18.00 | |
| 099 | @aCAL 012005090671 | |
| 100 | @a20050902d2005 em y0chiy0121 ea | |
| 101 | 0 | @achi |
| 102 | @aCN@b110000 | |
| 200 | 1 | @a建筑的故事@Ajian zhu de gu shi@d= Stories of architecture@f张爱玲, 王冰, 黎娜编著@zeng |
| 210 | @a北京@c光明日报出版社@d2005.01 | |
| 215 | @a189页@c图@d23cm | |
| 225 | 2 | @a图文人文故事系列@Atu wen ren wen gu shi xi lie |
| 330 | @a本书以生动有趣的故事展示了世界建筑的历史、文化和艺术。呈现出世界建筑艺术的发展脉络。 | |
| 410 | 0 | @12001 @a图文人文故事系列 |
| 510 | 1 | @aStories of architecture@zeng |
| 606 | 0 | @a建筑史@Ajian zhu shi@y世界@j通俗读物 |
| 690 | @aTU-091@v4 | |
| 692 | @a86.04@v3 | |
| 701 | 0 | @a张爱玲@Azhang ai ling@4编著 |
| 701 | 0 | @a黎娜@Ali na@4编著 |
| 701 | 0 | @a王冰@Awang bing@4编著 |
| 801 | 0 | @c20060529 |
| 905 | @a10447@dTU-091@eZ073 | |
| 建筑的故事= Stories of architecture/张爱玲, 王冰, 黎娜编著.-北京:光明日报出版社,2005.01 |
| 189页:图;23cm.-(图文人文故事系列) |
| ISBN 7-80145-941-5:CNY 18.00 |
| 本书以生动有趣的故事展示了世界建筑的历史、文化和艺术。呈现出世界建筑艺术的发展脉络。 |
| ● |
| 相关链接 |
|
|
|
正题名:建筑的故事
索取号:TU-091/Z073
 
预约/预借
| 序号 | 登录号 | 条形码 | 馆藏地/架位号 | 状态 | 备注 |
| 1 | 603130 | 206031300 | 建筑库101/ [索取号:TU-091/Z073] | 在馆 | |
| 2 | 603131 | 206031319 | 建筑库101/ [索取号:TU-091/Z073] | 在馆 |